|
|
|
|
| LEADER |
00620nab a2200181 i 4500 |
| 001 |
misc28122 |
| 005 |
20191108150140.0 |
| 008 |
171026s1954 hu o 0|| zxx d |
| 040 |
|
|
|a SZTE Miscellanea Repozitórium
|b hun
|
| 041 |
|
|
|a zxx
|
| 100 |
1 |
|
|a Nagy István
|
| 245 |
1 |
3 |
|a Az ékcsont ritka fejlődési rendellenessége
|h [elektronikus dokumentum] /
|c Nagy István
|
| 260 |
|
|
|c 1954
|
| 300 |
|
|
|a 477-478, [1]
|
| 490 |
0 |
|
|a Kolligátum
|
| 695 |
|
|
|a Fejlődési rendellenességek - csontok - esettanulmány
|
| 700 |
0 |
1 |
|a Harmath Ferenc
|e aut
|
| 856 |
4 |
0 |
|u http://misc.bibl.u-szeged.hu/28122/1/018_021_453-455.pdf
|z Dokumentum-elérés
|